000 00788nam0a22002411 4500
001 RU\NLR\INFOCOMM_161\5000030760
005 20250613090653.0
035 _a(NLR Aleph) 009075104
090 _a7947118
_c7947118
100 _a20081104d1938 |||y0rusy50 ca
101 0 _ager
102 _aRU
105 _ay z 000zy
200 1 _aDie Erste Session des Obersten Sowjets der ASSR der Wolgadeutschen 25-27. Juli 1938
_estenographischer Bericht
210 _aEngels
_cOberster Sowjet der ASSR d WD
_d1938
215 _a93, [3] с.
_d23 см
710 0 1 _7ba
_8ger
_aASSR der Wolgadeutschen
_bOberster Sowjet
_bSession
_d1
_f1938
_9774944
_3RU\NLR\AUTH\880554164
801 1 _aRU
_bNLR
_c20081104
801 0 _aRU
_bNLR
_gPSBO
852 _aNLR
_jD11/823
942 _cBOOK
980 _aNB